Sustainable property investment and management (Record no. 108743)

MARC details
000 -LEADER
fixed length control field 01638cad a22003615a 4500
001 - CONTROL NUMBER
control field L145292
008 - FIXED-LENGTH DATA ELEMENTS--GENERAL INFORMATION
fixed length control field 080924s2008 xxk f 000 0 eng d
035 ## - SYSTEM CONTROL NUMBER
System control number (Sirsi) u145292
041 0# - LANGUAGE CODE
Language code of text/sound track or separate title eng
050 04 - LIBRARY OF CONGRESS CALL NUMBER
Classification number 333.73 $2 22
100 1# - MAIN ENTRY--PERSONAL NAME
Personal name Lorenz, David
245 00 - TITLE STATEMENT
Title Sustainable property investment and management
Remainder of title key issues and major challenges
260 ## - PUBLICATION, DISTRIBUTION, ETC.
Place of publication, distribution, etc. London
Name of publisher, distributor, etc. RICS
Date of publication, distribution, etc. 2008
520 ## - SUMMARY, ETC.
Summary, etc. Considers why it is important to have sustainable buildings and why the refurbishment of the exisiting stock must be a priority. Defines sustainable property investment and discusses the role of location in creating sustainable property markets, and why sustainable construction is not yet mainstream. Argues that the valuation profession has a central role to play and concludes that the vicious circle of blame needs to be turned into loops of feedback and adaption if sustainability is to work.
590 ## - LOCAL NOTE (RLIN)
Local note KA NTK
651 #4 - SUBJECT ADDED ENTRY--GEOGRAPHIC NAME
Geographic name Europe
690 ## - LOCAL SUBJECT ADDED ENTRY--TOPICAL TERM (OCLC, RLIN)
Topical term or geographic name as entry element PROPERTY-PROPERTY DEVELOPMENT-SUSTAINABLE PROPERTY DEVELOPMENT
700 1# - ADDED ENTRY--PERSONAL NAME
Personal name d'Amato, Maurizio
700 1# - ADDED ENTRY--PERSONAL NAME
Personal name Rosiers Des, Francois
700 1# - ADDED ENTRY--PERSONAL NAME
Personal name Elder, Ben
700 1# - ADDED ENTRY--PERSONAL NAME
Personal name Genne van, Frank
700 1# - ADDED ENTRY--PERSONAL NAME
Personal name Hartenberger, Ursula
700 1# - ADDED ENTRY--PERSONAL NAME
Personal name Hill, Stephen
700 1# - ADDED ENTRY--PERSONAL NAME
Personal name Jones, Ken
700 1# - ADDED ENTRY--PERSONAL NAME
Personal name Kauko, Tom
700 1# - ADDED ENTRY--PERSONAL NAME
Personal name Kauko, Tom
700 1# - ADDED ENTRY--PERSONAL NAME
Personal name Lorch, Richard
700 1# - ADDED ENTRY--PERSONAL NAME
Personal name Lutzkendorf, Thomas
700 1# - ADDED ENTRY--PERSONAL NAME
Personal name Percy, Jerry
710 1# - ADDED ENTRY--CORPORATE NAME
Corporate name or jurisdiction name as entry element Royal Institution of Chartered Surveyors
Subordinate unit EU Public Affairs
9 (RLIN) 5615
856 48 - ELECTRONIC LOCATION AND ACCESS
Uniform Resource Identifier <a href="https://www.rics.org/Global/Downloads/SustainablePropertyInvestmentManagement2008.pdf">https://www.rics.org/Global/Downloads/SustainablePropertyInvestmentManagement2008.pdf</a>
Public note View the item free of charge at www.rics.org...
942 ## - ADDED ENTRY ELEMENTS (KOHA)
Suppress in OPAC 0
Holdings
Withdrawn status Lost status Source of classification or shelving scheme Damaged status Not for loan Home library Current library Shelving location Date acquired Total Checkouts Full call number Barcode Date last seen Copy number Price effective from Koha item type
    Dewey Decimal Classification     Virtual Virtual Online 24/09/2008   ONLINE PUBLICATION 145292-1001 06/08/2019 1 06/08/2019 Book